Brooklyn 99 Trivia - Statistics

General Stats
  • This quiz has been taken 388 times
  • The average score is 4 of 10
Answer Stats
Hint Answer % Correct
What is the name of Boyle's son? Nikolaj
93%
How do members of nutriboom greet one another? Boom boom
64%
What are the names of Terry's twins? Cagney and Lacey
62%
Who plays Amy Santiago? Melissa Fumero
53%
By what name do the residents of Rosa's building know her by? Emily Goldfinch
45%
What is Kevin's surname? Cosner
44%
What is the name of the episode where they investigate a sexual assault? He said, She said
26%
In Mlepclaynos' culture, why do they play the song that he sang with Jake? When a dog loses its virginity
16%
What is Jimmy Figus' sister called? Maura
8%
Who is Kelly in relation to Scully? His wife and his dog
4%
No matching quizzes found
Score Distribution
Percent of People with Each Score
Percentile by Number Answered
Your Score History
You have not taken this quiz